000 01303cam a2200397 i 4500
001 21669
003 CZ PrNK
005 20260307125934.0
007 ta
008 980429t19941994xxuac b 000 f cze
020 _a1551859793
_q(vázáno)
035 _a(OCoLC)39347522
040 _aNLC
_bcze
_cNLC
_dOCLCF
_dOCLCO
_dOCLCQ
_dABA001
_erda
041 1 _acze
_keng
_hfre
072 7 _a821-93
_xLiteratura pro děti a mládež (beletrie)
_2Konspekt
080 _a821-34
_2MRF
080 _a821-93
_2MRF
080 _a(0:82-34)
_2MRF
245 0 0 _aZ klenotnice pohádek /
_cilustrovala Annie-Claude Martin
250 _aZvláštní vydání pro DS-Max
264 1 _aRichmond Hill, ON :
_bDS-Max,
_c[1994]
264 4 _c©1994
300 _a400 stran :
_bbarevné ilustrace, portréty ;
_c29 cm
336 _atext
_btxt
_2rdacontent
337 _abez média
_bn
_2rdamedia
338 _asvazek
_bnc
_2rdacarrier
500 _aPřeloženo z anglické verze francouzských originálů?
655 7 _apohádky
_2czenas
655 7 _apublikace pro děti
_2czenas
655 9 _afairy tales
_2eczenas
655 9 _achildren's literature
_2eczenas
700 1 _aMartin, Annie-Claude,
_d1943-
_4ill
765 0 8 _iNázev anglické verze:
_tTraditional fairy tales
910 _aABA001
942 _2ddc
_cKLDE
_n0
999 _c21669
_d21669